[Event "8th Sunway Sitges 2021"]
[Site "Sitges ESP"]
[Date "2021.12.17"]
[Round "5.4"]
[White "Sankalp, Gupta"]
[Black "Niemann, Hans Moke"]
[Result "0-1"]
[WhiteTitle "IM"]
[BlackTitle "GM"]
[WhiteElo "2504"]
[BlackElo "2645"]
[WhiteFideId "5097010"]
[BlackFideId "2093596"]
[EventDate "2021.12.13"]

1. e4 c5 2. Nf3 d6 3. d4 cxd4 4. Nxd4 Nf6 5. Nc3 Nc6 6. Bg5 e6 7. Qd3 a6 8.
O-O-O Bd7 9. Qg3 Qa5 10. Be2 Rc8 11. Nb3 Qc7 12. Rd2 b5 13. a3 Na5 14. Kb1 Nc4
15. Bxc4 bxc4 16. Nd4 Qb7 17. Bxf6 Rb8 18. Nd1 gxf6 19. Re1 Be7 20. f4 Qb6 21.
Qc3 Qc5 22. Ne3 O-O 23. Qxc4 Qxa3 24. Nb3 Qb4 25. Qxb4 Rxb4 26. Nd4 Rb7 27. Ka2
Rc8 28. g3 Kf8 29. c3 Rbb8 30. Ka1 Rc5 31. Ka2 Bc8 32. Nec2 Bb7 33. Nb4 a5 34.
Nd3 Rc4 35. Rde2 Bd8 36. Nc2 Bb6 37. Na3 Rcc8 38. Rc2 Ba6 39. Rd2 Bb7 40. Rc2 d5
41. exd5 Bxd5+ 42. c4 Bc6 43. c5 Bc7 44. Ka1 Rd8 45. Nc1 Rd5 46. Re3 Rd1 47. Nb1
Rbd8 48. Nc3 R1d4 49. b3 e5 50. N1e2 Rb4 51. Rb2 Rdb8 52. Na2 R4b5 53. Rc3 Bd5
54. Nec1 exf4 55. gxf4 Bxf4 56. Nd3 Be3 57. Ndb4 axb4 58. Rxe3 Rxc5 59. Rf2 Rb6
60. Kb2 Bb7 61. Rh3 Be4 62. Re2 Re5 63. Rh4 f5 64. Rxh7 f4 65. Rh3 Rbb5 66. Rh4
f3 67. Rf2 f5 68. Kc1 Red5 69. Rh8+ Ke7 70. Rc8 Kd7 71. Rc4 Rd3 72. Nxb4 Rxb3
73. Nc2 Kd6 74. Kd2 Ke5 75. h4 Kf4 0-1

[Event "8th Sunway Sitges 2021"]
[Site "Sitges ESP"]
[Date "2021.12.17"]
[Round "5.5"]
[White "Muradli, Mahammad"]
[Black "Abdusattorov, Nodirbek"]
[Result "0-1"]
[WhiteTitle "IM"]
[BlackTitle "GM"]
[WhiteElo "2503"]
[BlackElo "2633"]
[WhiteFideId "13409301"]
[BlackFideId "14204118"]
[EventDate "2021.12.13"]

1. c4 e6 2. Nc3 d5 3. d4 Nf6 4. cxd5 exd5 5. Bg5 Bb4 6. Qa4+ Nc6 7. e3 h6 8. Bh4
g5 9. Bg3 Ne4 10. Bb5 Bxc3+ 11. bxc3 Bd7 12. Qa3 h5 13. f3 Nxg3 14. hxg3 Qf6 15.
Ne2 O-O-O 16. c4 dxc4 17. Bxc4 h4 18. gxh4 gxh4 19. O-O-O Kb8 20. Nf4 Ne7 21.
Rhe1 Bf5 22. Kb2 Ng6 23. Nd5 Qc6 24. Qb3 Be6 25. e4 Nf4 26. Nxf4 Bxc4 27. Qc3
Qa6 28. a3 Rh6 29. Ka1 Rb6 30. Rb1 Rxd4 31. Nd5 Rxb1+ 32. Rxb1 Bxd5 33. exd5 Qc4
34. Qxc4 Rxc4 35. Re1 Kc8 36. Re7 Rc2 37. Rxf7 Rxg2 38. Rh7 Rh2 39. f4 h3 40.
Rh8+ Kd7 41. Ra8 0-1

[Event "8th Sunway Sitges 2021"]
[Site "Sitges ESP"]
[Date "2021.12.17"]
[Round "5.6"]
[White "Kollars, Dmitrij"]
[Black "Dann, Matthias"]
[Result "1-0"]
[WhiteTitle "GM"]
[BlackTitle "IM"]
[WhiteElo "2622"]
[BlackElo "2482"]
[WhiteFideId "12909572"]
[BlackFideId "24638056"]
[EventDate "2021.12.13"]

1. e4 e6 2. d4 d5 3. Nc3 Nf6 4. e5 Nfd7 5. f4 c5 6. Nf3 Nc6 7. Be3 Be7 8. Qd2 b6
9. Bb5 Bb7 10. O-O-O Qc7 11. f5 cxd4 12. Nxd4 Nxd4 13. Qxd4 Bc5 14. Qf4 O-O-O
15. Bxd7+ Rxd7 16. fxe6 fxe6 17. Nb5 Bxe3+ 18. Qxe3 Qc5 19. Nd4 Ba6 20. Qh3 Qe7
21. Kb1 Re8 22. Qxh7 Qg5 23. Qh3 Qxe5 24. Rhe1 Qf6 25. Nxe6 Ree7 26. Nd4 Kc7 27.
b3 Rxe1 28. Qc3+ Kb7 29. Rxe1 Rc7 30. Qe3 Kb8 31. g4 Bc8 32. g5 1-0

[Event "8th Sunway Sitges 2021"]
[Site "Sitges ESP"]
[Date "2021.12.17"]
[Round "5.7"]
[White "Priasmoro, Novendra"]
[Black "Vocaturo, Daniele"]
[Result "1/2-1/2"]
[WhiteTitle "GM"]
[BlackTitle "GM"]
[WhiteElo "2502"]
[BlackElo "2621"]
[WhiteFideId "7105029"]
[BlackFideId "813192"]
[EventDate "2021.12.13"]

1. e4 c5 2. Nf3 d6 3. d4 cxd4 4. Nxd4 Nf6 5. Nc3 a6 6. Be3 e5 7. Nb3 Be6 8. f3
Be7 9. Qd2 O-O 10. O-O-O Nbd7 11. g4 b5 12. Nd5 Bxd5 13. exd5 Nb6 14. Na5 Nfxd5
15. Nc6 Qc7 16. Nxe7+ Qxe7 17. Bxb6 Nxb6 18. Qxd6 Qg5+ 19. Qd2 Qe7 20. Qd6 Qg5+
21. Qd2 Qe7 22. Qe3 Qe6 23. Bd3 Rad8 24. Rhe1 g6 25. Kb1 Rfe8 26. a3 Nd5 27. Qe4
Nf6 28. Qe3 Rd6 29. h4 Nd5 30. Qe4 Nf4 31. h5 Ng2 32. hxg6 fxg6 33. Rh1 Rd4 34.
Qb7 Re7 35. Qb8+ Re8 36. Qc7 Re7 37. Qc5 Ne3 38. Rde1 Ng2 39. Rd1 Ne3 40. Rd2
Nc4 41. Rdh2 Nb6 42. Re2 Na4 43. Qxd4 exd4 44. Rxe6 Rxe6 45. b4 Nc3+ 46. Kc1 Re3
47. Rf1 Kg7 48. g5 Nd5 49. Kb2 h5 50. gxh6+ Kxh6 51. Rh1+ Kg7 52. Rh4 Rxf3 53.
Rxd4 Nb6 54. Rg4 Rf6 55. Kc3 Rd6 56. Rg1 Kf7 57. Rf1+ Ke7 58. Re1+ Kf7 59. Rf1+
Ke7 60. Re1+ Kf7 61. Rf1+ Ke7 62. Re1+ Kf7 1/2-1/2

[Event "8th Sunway Sitges 2021"]
[Site "Sitges ESP"]
[Date "2021.12.17"]
[Round "5.8"]
[White "Garriga Cazorla, Pere"]
[Black "Puranik, Abhimanyu"]
[Result "0-1"]
[WhiteTitle "IM"]
[BlackTitle "GM"]
[WhiteElo "2477"]
[BlackElo "2604"]
[WhiteFideId "32011601"]
[BlackFideId "5061245"]
[EventDate "2021.12.13"]

1. d4 Nf6 2. c4 g6 3. Nc3 d5 4. cxd5 Nxd5 5. e4 Nxc3 6. bxc3 Bg7 7. Bb5+ c6 8.
Ba4 O-O 9. Ne2 e5 10. O-O Qe7 11. Bc2 Rd8 12. a4 Bg4 13. f3 Be6 14. Ba3 Qc7 15.
Qd3 Nd7 16. f4 Bg4 17. Rae1 c5 18. dxe5 Nxe5 19. Qg3 Rd2 20. Rf2 Rxc2 21. fxe5
Be6 22. Bc1 Qxe5 23. Qd3 Ra2 24. Bf4 Qf6 25. Qe3 Qe7 26. e5 Re8 27. Bg5 Qd7 28.
Ng3 Rxf2 29. Qxf2 Bd5 30. Bf6 Bxf6 31. exf6 Rxe1+ 32. Qxe1 Bc6 33. Qe5 h6 34. h3
Qd5 35. Qe2 Bxa4 36. h4 Bc6 37. h5 g5 38. Nf1 a5 39. Nh2 Qe4 40. Qd2 Qd5 41. Qe2
Qe6 42. Qf2 a4 43. Qxc5 Qd5 44. Qf2 Qxg2+ 0-1

[Event "8th Sunway Sitges 2021"]
[Site "Sitges ESP"]
[Date "2021.12.17"]
[Round "5.9"]
[White "Kurmann, Oliver"]
[Black "Safarli, Eltaj"]
[Result "0-1"]
[WhiteTitle "IM"]
[BlackTitle "GM"]
[WhiteElo "2466"]
[BlackElo "2579"]
[WhiteFideId "1308173"]
[BlackFideId "13402129"]
[EventDate "2021.12.13"]

1. e4 c5 2. Nf3 e6 3. d4 cxd4 4. Nxd4 Nf6 5. Nc3 Nc6 6. Nxc6 bxc6 7. e5 Nd5 8.
Ne4 Qc7 9. f4 f5 10. exf6 gxf6 11. Bd2 f5 12. Qh5+ Kd8 13. Ng5 Qb6 14. Nf7+ Kc7
15. Nxh8 Qxb2 16. Qd1 Qxh8 17. c4 Nb6 18. Rc1 Qd4 19. Qf3 Bc5 20. Bd3 Ba6 21.
Bc3 Qe3+ 22. Qxe3 Bxe3 23. Bd2 Bd4 24. Ke2 Na4 25. Be3 c5 26. Bxd4 cxd4 27. c5
Bb7 28. Rc4 Bxg2 29. Rhc1 Nc3+ 30. Kf2 Bc6 31. Rxd4 Nd5 32. Rb1 Nf6 33. h3 Be4
34. Rb3 Kc6 35. Rc4 Bd5 36. Rbb4 Bxc4 37. Rxc4 a5 38. Kf3 Nd5 39. Bc2 Rb8 40.
Ba4+ Kc7 0-1

[Event "8th Sunway Sitges 2021"]
[Site "Sitges ESP"]
[Date "2021.12.17"]
[Round "5.10"]
[White "Suleymanli, Aydin"]
[Black "Neelotpal, Das"]
[Result "1/2-1/2"]
[WhiteTitle "GM"]
[BlackTitle "GM"]
[WhiteElo "2537"]
[BlackElo "2410"]
[WhiteFideId "13413937"]
[BlackFideId "5003512"]
[EventDate "2021.12.13"]

1. Nf3 d5 2. e3 Nf6 3. c4 c6 4. Nc3 e6 5. b3 Bd6 6. Bb2 O-O 7. Qc2 e5 8. cxd5
cxd5 9. Nb5 Nc6 10. Nxd6 Qxd6 11. d4 e4 12. Ne5 Nb4 13. Qd2 Bf5 14. Bc3 Nc6 15.
Nxc6 Qxc6 16. O-O-O a5 17. Kb1 a4 18. Bb4 Rfc8 19. Be2 axb3 20. axb3 Bg4 21. Kb2
Bxe2 22. Qxe2 Nd7 23. Ra1 Rxa1 24. Rxa1 Nb8 25. f3 Na6 26. Ba5 f5 27. f4 h6 28.
h3 Nb8 29. g4 fxg4 30. hxg4 Nd7 31. g5 hxg5 32. fxg5 Nf8 33. Rf1 Ng6 34. Qg4 Rf8
35. Rxf8+ Nxf8 36. Bb4 g6 37. Qf4 Nd7 38. Qf1 Qb6 39. Ba3 Qc6 40. Qe1 Qb5 41.
Qf2 Qd3 42. Bb4 Qb5 43. Be7 Qd3 44. Bd6 Qa6 45. Bf4 Qd3 46. Qe1 Qb5 47. Qc3 Qe2+
48. Ka3 Qa6+ 49. Kb2 Qe2+ 50. Ka3 Qa6+ 51. Kb2 Qe2+ 1/2-1/2

[Event "8th Sunway Sitges 2021"]
[Site "Sitges ESP"]
[Date "2021.12.17"]
[Round "5.11"]
[White "Soumya, Swaminathan"]
[Black "Dardha, Daniel"]
[Result "0-1"]
[WhiteTitle "IM"]
[BlackTitle "GM"]
[WhiteElo "2351"]
[BlackElo "2533"]
[WhiteFideId "5016193"]
[BlackFideId "240990"]
[EventDate "2021.12.13"]

1. e4 c5 2. Nf3 d6 3. d4 cxd4 4. Nxd4 Nf6 5. Nc3 Nc6 6. Bg5 e6 7. Qd2 Qb6 8. Nb3
Be7 9. Bxf6 Bxf6 10. Qxd6 Be5 11. Qd2 O-O 12. Bd3 a5 13. a4 Nb4 14. O-O Rd8 15.
Nc1 Bd7 16. Kh1 Bc6 17. N1e2 Na6 18. f3 Nc5 19. b3 Qb4 20. Rad1 Rd7 21. Na2 Qa3
22. Nac1 Qb2 23. Qe3 b6 24. f4 Bd4 25. Nxd4 Rxd4 26. Ne2 Rd7 27. Rb1 Qf6 28. e5
Qh6 29. Nd4 Bb7 30. Bb5 Qg6 31. Rf2 Rc7 32. Bc4 Rd8 33. Nb5 Rcd7 34. Nd6 Ne4 35.
Nxe4 Qxe4 36. Qxe4 Bxe4 37. h3 Rd2 38. Rbf1 Bxc2 39. Kh2 Kf8 40. g4 Ke7 41. Kg3
Be4 42. Rc1 Rd1 43. Rf1 Rxc1 44. Rxc1 Rd2 45. Rc3 h6 46. Bb5 Kd8 47. Kh4 g6 48.
Ba6 Bd5 49. Rc8+ Kd7 50. Rf8 Ke7 51. Rb8 Rd4 52. Bb5 f6 53. Rh8 Rxf4 54. Rh7+
Kf8 55. exf6 g5+ 56. Kh5 Rxf6 57. Rxh6 Kg7 58. Rxf6 Kxf6 59. h4 gxh4 60. g5+ Kf5
61. Bd3+ Kf4 62. Kxh4 Bxb3 63. g6 e5 64. g7 e4 65. Bc2 Bg8 66. Bd1 Ke3 67. Kg5
Kd2 68. Bh5 e3 69. Kf6 e2 70. Bf7 0-1

[Event "8th Sunway Sitges 2021"]
[Site "Sitges ESP"]
[Date "2021.12.17"]
[Round "5.12"]
[White "Nihal, Sarin"]
[Black "Pranesh, M"]
[Result "1/2-1/2"]
[WhiteTitle "GM"]
[BlackTitle "IM"]
[WhiteElo "2662"]
[BlackElo "2437"]
[WhiteFideId "25092340"]
[BlackFideId "35028600"]
[EventDate "2021.12.13"]

1. Nf3 Nf6 2. b3 d5 3. Bb2 Bf5 4. Nh4 Bg6 5. g3 Nbd7 6. d3 e6 7. Bg2 Bh5 8. h3
Bd6 9. Nd2 Qe7 10. g4 Bg6 11. a3 c6 12. e3 O-O-O 13. Qe2 h6 14. Nxg6 fxg6 15. c4
Be5 16. d4 Bc7 17. Rc1 Kb8 18. b4 e5 19. c5 e4 20. b5 Ka8 21. Bc3 Qe6 22. Rb1 g5
23. bxc6 bxc6 24. Kd1 Rb8 25. Kc2 Rxb1 26. Rxb1 Rb8 27. Rb4 g6 28. f3 exf3 29.
Bxf3 h5 30. Rxb8+ Kxb8 31. Kd3 h4 32. Qg2 Qf7 33. Be2 Bg3 34. Qh1 Qe6 35. Bf3
Bc7 36. Qb1+ Kc8 37. Ke2 Bf4 38. Qd3 Nf8 39. Kf2 Bg3+ 40. Ke2 Bf4 41. a4 Qe8 42.
Ba5 Ne6 43. Kd1 Bg3 44. Qf1 Kb7 45. Be2 Ng8 46. Ba6+ Ka8 47. Bd3 Kb7 48. Bc3 Bc7
49. Kc2 Ka8 50. a5 Kb7 51. Ba6+ Ka8 52. Bd3 Kb7 53. Ba6+ Ka8 54. Qb1 Nd8 55. Qf1 1/2-1/2

[Event "8th Sunway Sitges 2021"]
[Site "Sitges ESP"]
[Date "2021.12.17"]
[Round "5.13"]
[White "Tabatabaei, M. Amin"]
[Black "Pranav, Anand"]
[Result "1/2-1/2"]
[WhiteTitle "GM"]
[BlackTitle "IM"]
[WhiteElo "2643"]
[BlackElo "2416"]
[WhiteFideId "12521213"]
[BlackFideId "46626786"]
[EventDate "2021.12.13"]

1. c4 e6 2. Nc3 d5 3. d4 Nf6 4. cxd5 exd5 5. Bg5 Be7 6. e3 c6 7. Qc2 Nbd7 8. Bd3
Nh5 9. Bxe7 Qxe7 10. Nge2 Nb6 11. h3 Nf6 12. O-O-O Bd7 13. g4 O-O-O 14. Kb1 Kb8
15. a4 Nc8 16. a5 Nd6 17. a6 b6 18. Ng3 Rhe8 19. Rc1 Nfe4 20. Nh5 g6 21. Nf4 Rc8
22. Rhe1 f5 23. f3 Nxc3+ 24. Qxc3 g5 25. Nh5 fxg4 26. hxg4 Rf8 27. Rf1 Be8 28.
Ka1 Bg6 29. Qd2 Qd7 30. Ng3 Ka8 31. Bxg6 hxg6 32. Qd3 Qe6 33. e4 dxe4 34. fxe4
Rxf1 35. Rxf1 Kb8 36. d5 cxd5 37. Qxd5 Qxd5 38. exd5 Rc5 39. Rf8+ Kc7 40. Rg8
Rxd5 41. Rg7+ Kc6 42. Rxa7 Ne8 43. Re7 Nc7 44. a7 Ra5+ 45. Kb1 Rxa7 46. Rg7 Kd5 1/2-1/2

[Event "8th Sunway Sitges 2021"]
[Site "Sitges ESP"]
[Date "2021.12.17"]
[Round "5.14"]
[White "Boyer, Mahel"]
[Black "Erigaisi, Arjun"]
[Result "0-1"]
[WhiteTitle "IM"]
[BlackTitle "GM"]
[WhiteElo "2427"]
[BlackElo "2629"]
[WhiteFideId "45102422"]
[BlackFideId "35009192"]
[EventDate "2021.12.13"]

1. d4 Nf6 2. c4 e6 3. Nf3 d5 4. Nc3 Bb4 5. Qa4+ Nc6 6. a3 Bxc3+ 7. bxc3 Ne4 8.
Bf4 g5 9. Bg3 h5 10. Ne5 h4 11. Nxc6 bxc6 12. Be5 f6 13. f3 Nxc3 14. Qc2 fxe5
15. Qxc3 exd4 16. Qxd4 O-O 17. g3 Qe7 18. gxh4 e5 19. Qg1 g4 20. Qg3 e4 21. fxe4
dxe4 22. Bg2 e3 23. Rf1 Rxf1+ 24. Bxf1 Qf6 25. Ra2 Qc3+ 26. Kd1 Rb8 0-1

[Event "8th Sunway Sitges 2021"]
[Site "Sitges ESP"]
[Date "2021.12.17"]
[Round "5.15"]
[White "Fier, Alexandr"]
[Black "Vaishali, R"]
[Result "1-0"]
[WhiteTitle "GM"]
[BlackTitle "IM"]
[WhiteElo "2572"]
[BlackElo "2401"]
[WhiteFideId "2107139"]
[BlackFideId "5091756"]
[EventDate "2021.12.13"]

1. e4 e5 2. Nf3 Nc6 3. Bc4 d6 4. O-O Be7 5. d4 Nf6 6. d5 Nb8 7. Bd3 c6 8. c4
Nbd7 9. Nc3 a5 10. h3 Nf8 11. c5 Ng6 12. dxc6 bxc6 13. cxd6 Qxd6 14. Be3 O-O 15.
Qc2 Nh5 16. Rfd1 Ngf4 17. Ne2 Qf6 18. Nxf4 Nxf4 19. Ne1 Rb8 20. Bf1 Qg6 21. Kh2
h5 22. b3 h4 23. Bxf4 exf4 24. Nf3 Bf6 25. Rac1 Re8 26. Rd6 a4 27. Bc4 axb3 28.
Bxb3 Rb4 29. Qxc6 Rbxe4 30. Qxc8 Rxc8 31. Rxc8+ Kh7 32. Bc2 Qf5 33. Rc4 1-0

[Event "8th Sunway Sitges 2021"]
[Site "Sitges ESP"]
[Date "2021.12.17"]
[Round "5.16"]
[White "Iniyan, P"]
[Black "Dionisi, Thomas"]
[Result "0-1"]
[WhiteTitle "GM"]
[BlackTitle "IM"]
[WhiteElo "2555"]
[BlackElo "2396"]
[WhiteFideId "25002767"]
[BlackFideId "651893"]
[EventDate "2021.12.13"]

1. d4 Nf6 2. c4 e6 3. Nc3 Bb4 4. f3 c5 5. d5 d6 6. e4 O-O 7. Ne2 b5 8. Nf4 exd5
9. Nxd5 Nxd5 10. Qxd5 Qb6 11. Bf4 Be6 12. Qxd6 Qa5 13. Bd2 Rd8 14. Qf4 bxc4 15.
a3 Qa6 16. Ra2 Ba5 17. b4 Bb6 18. b5 Qb7 19. Nd5 Bxd5 20. exd5 Re8+ 21. Kf2 c3
22. Bxc3 c4+ 23. Kg3 Nd7 24. Re2 Nf8 25. d6 Ne6 26. Qxc4 Rac8 27. Qd3 Qd7 28.
Bb4 Nd4 29. Rxe8+ Rxe8 30. h3 Re3 31. Qb1 Qe6 32. Bd3 Qe5+ 33. Kf2 Rxd3 34. Qxd3
Nf5+ 0-1

[Event "8th Sunway Sitges 2021"]
[Site "Sitges ESP"]
[Date "2021.12.17"]
[Round "5.17"]
[White "Livaic, Leon"]
[Black "Domingo Nunez, Ruben"]
[Result "1-0"]
[WhiteTitle "IM"]
[BlackTitle "FM"]
[WhiteElo "2547"]
[BlackElo "2395"]
[WhiteFideId "14531534"]
[BlackFideId "22245570"]
[EventDate "2021.12.13"]

1. e4 c5 2. Nf3 e6 3. d4 cxd4 4. Nxd4 Nc6 5. Nc3 Qc7 6. Qd3 Nxd4 7. Qxd4 a6 8.
Be3 b5 9. a4 b4 10. Na2 Rb8 11. Qa7 Qxa7 12. Bxa7 Ra8 13. Bd4 Nf6 14. f3 Be7 15.
a5 O-O 16. c3 bxc3 17. bxc3 d5 18. e5 Nd7 19. Nb4 f6 20. Nc6 Bc5 21. Rb1 fxe5
22. Nxe5 Bxd4 23. cxd4 Nxe5 24. dxe5 Rf5 25. Bd3 Rxe5+ 26. Kd2 d4 27. Rhc1 Bd7
28. Rb7 Bb5 29. Be4 Rxe4 30. fxe4 Rf8 31. Rcc7 Rf2+ 32. Kc1 Rf1+ 33. Kb2 Bd3 34.
Rb8+ Rf8 35. Rxf8+ Kxf8 36. e5 Bb5 37. g3 h5 38. Rb7 Be2 39. Rd7 g5 40. h4 gxh4
41. gxh4 Ke8 42. Rxd4 Kf7 43. Kc3 1-0

[Event "8th Sunway Sitges 2021"]
[Site "Sitges ESP"]
[Date "2021.12.17"]
[Round "5.18"]
[White "Maze, Sebastien"]
[Black "Setyaki, Azarya Jodi"]
[Result "0-1"]
[WhiteTitle "GM"]
[BlackTitle "IM"]
[WhiteElo "2541"]
[BlackElo "2389"]
[WhiteFideId "613762"]
[BlackFideId "7101589"]
[EventDate "2021.12.13"]

1. d4 Nf6 2. Nf3 g6 3. g3 Bg7 4. Bg2 O-O 5. O-O d6 6. c4 Nc6 7. Nc3 e5 8. h3 Re8
9. d5 Nb8 10. e4 a5 11. Ne1 Na6 12. Nd3 Nd7 13. Be3 Ndc5 14. Nxc5 Nxc5 15. Qd2
Bd7 16. b3 f5 17. Kh2 f4 18. gxf4 Qh4 19. Bxc5 exf4 20. Bd4 f3 21. Rh1 Bxd4 22.
Qxd4 Re5 23. Qe3 Rf8 24. Bxf3 Rg5 25. Bg2 Bxh3 26. Qg3 Rxg3 27. fxg3 Qh6 0-1

[Event "8th Sunway Sitges 2021"]
[Site "Sitges ESP"]
[Date "2021.12.17"]
[Round "5.19"]
[White "Baenziger, Fabian"]
[Black "Arjun, Kalyan"]
[Result "1/2-1/2"]
[WhiteTitle "IM"]
[BlackTitle "GM"]
[WhiteElo "2409"]
[BlackElo "2537"]
[WhiteFideId "1330110"]
[BlackFideId "35018701"]
[EventDate "2021.12.13"]

1. d4 Nf6 2. c4 e6 3. Nc3 Bb4 4. e3 O-O 5. Bd3 d5 6. Nf3 dxc4 7. Bxc4 c5 8. O-O
Nc6 9. a3 Ba5 10. Qd3 a6 11. dxc5 Qxd3 12. Bxd3 Bxc3 13. bxc3 Na5 14. Rb1 Rd8
15. Ne5 Nd7 16. Nxd7 Bxd7 17. Rb4 Rac8 18. e4 Rxc5 19. c4 Nc6 20. Rxb7 Bc8 21.
Rb3 Nd4 22. Rb8 Nc6 23. Rb3 Nd4 24. Rb8 Nc6 25. Rb3 1/2-1/2

[Event "8th Sunway Sitges 2021"]
[Site "Sitges ESP"]
[Date "2021.12.17"]
[Round "5.20"]
[White "Papadiamandis, Elliot"]
[Black "Kulaots, Kaido"]
[Result "1-0"]
[WhiteTitle "FM"]
[BlackTitle "GM"]
[WhiteElo "2396"]
[BlackElo "2519"]
[WhiteFideId "36074160"]
[BlackFideId "4500261"]
[EventDate "2021.12.13"]

1. e4 e5 2. Nf3 Nc6 3. d4 exd4 4. Nxd4 Bc5 5. Nb3 Bb6 6. Nc3 Qf6 7. Qe2 Nge7 8.
Be3 d6 9. Bxb6 axb6 10. Nb5 Kd8 11. Nc3 Be6 12. O-O-O Kc8 13. Qe3 Rd8 14. Be2 d5
15. exd5 Nxd5 16. Nxd5 Bxd5 17. a3 Bxg2 18. Bg4+ Kb8 19. Rxd8+ Nxd8 20. Rd1 Bc6
21. Nd4 Ra5 22. f4 g5 23. Nb3 Rd5 24. Rxd5 Bxd5 25. fxg5 Qf1+ 26. Bd1 Bxb3 27.
cxb3 Ne6 28. h4 Qf5 29. b4 f6 30. Bb3 Nf4 31. Bc2 Qg4 32. gxf6 Qxh4 33. Qe8+ Ka7
34. Qa4+ Kb8 35. Qe8+ Ka7 36. f7 Qh1+ 37. Bd1 Qh6 38. Qa4+ Kb8 39. Qe8+ Ka7 40.
f8=Q Nd3+ 41. Kc2 Qc1+ 42. Kxd3 Qxd1+ 43. Ke4 1-0

[Event "8th Sunway Sitges 2021"]
[Site "Sitges ESP"]
[Date "2021.12.17"]
[Round "5.21"]
[White "Bhambure, Shantanu"]
[Black "Harsha, Bharathakoti"]
[Result "1/2-1/2"]
[BlackTitle "GM"]
[WhiteElo "2377"]
[BlackElo "2489"]
[WhiteFideId "5025931"]
[BlackFideId "5078776"]
[EventDate "2021.12.13"]

1. d4 Nf6 2. c4 c5 3. d5 g6 4. Nc3 Bg7 5. e4 d6 6. h3 O-O 7. Be3 e6 8. Nf3 Re8
9. Nd2 a6 10. a4 exd5 11. cxd5 Nxe4 12. Ncxe4 f5 13. Be2 fxe4 14. Nc4 Qf6 15.
O-O Nd7 16. Qd2 Ne5 17. Nxe5 Qxe5 18. b4 Qc3 19. Rab1 Qxd2 20. Bxd2 e3 21. Bxe3
Bf5 22. bxc5 Bxb1 23. Rxb1 dxc5 24. d6 Bd4 25. Bc4+ Kh8 26. Rxb7 Bxe3 27. fxe3
Rad8 28. Rb6 a5 29. Kf2 Rf8+ 30. Kg3 Rf6 31. Rb5 Rfxd6 32. Rxc5 Re8 33. Rxa5
Rxe3+ 34. Kf2 Ra3 35. Bd5 Rf6+ 36. Kg1 Rf4 37. Bc6 Rc4 38. Bd7 h5 39. Re5 Rc1+
40. Kf2 Rc2+ 41. Re2 Rxe2+ 42. Kxe2 h4 43. Bc6 Kg7 44. Kd2 Kf6 45. Ke2 Ke7 46.
Bd5 Rc3 47. a5 Kd6 48. Bb7 1/2-1/2

[Event "8th Sunway Sitges 2021"]
[Site "Sitges ESP"]
[Date "2021.12.17"]
[Round "5.22"]
[White "Vasquez Schroeder, Rodrigo"]
[Black "Moksh, Amit Doshi"]
[Result "1-0"]
[WhiteTitle "GM"]
[BlackTitle "IM"]
[WhiteElo "2484"]
[BlackElo "2368"]
[WhiteFideId "3400042"]
[BlackFideId "25064967"]
[EventDate "2021.12.13"]

1. d4 Nf6 2. c4 e6 3. Nf3 d5 4. Nc3 Bb4 5. Qa4+ Nc6 6. e3 O-O 7. Qc2 Re8 8. Bd2
Bf8 9. a3 e5 10. dxe5 Nxe5 11. cxd5 Nxf3+ 12. gxf3 Nxd5 13. O-O-O a5 14. Bc4 Nb6
15. Bd3 Qh4 16. Ne4 Be6 17. Rdg1 h6 18. Rg3 Kh8 19. Rhg1 Nd5 20. Kb1 b6 21. Bc3
f6 22. Bb5 Red8 23. Bc6 Nxc3+ 24. Nxc3 Rab8 25. f4 Qh5 26. Nb5 Qf7 27. Nd4 b5
28. f5 Ba2+ 29. Ka1 a4 30. Nxb5 Rb6 31. Rc1 Rdb8 32. Qd3 Bd6 33. f4 Bf8 34. e4
Bd6 35. Nxd6 cxd6 36. Rg2 Bb3 37. Bd5 Bxd5 38. Qxd5 Qe7 39. Rgc2 Qe8 40. Qe6
Qxe6 41. fxe6 Kh7 42. Rd1 f5 43. exf5 Rb5 44. Rxd6 Rxf5 45. Rc4 1-0

[Event "8th Sunway Sitges 2021"]
[Site "Sitges ESP"]
[Date "2021.12.17"]
[Round "5.23"]
[White "Di Berardino, Diego Rafael"]
[Black "Manu, David Suthandram R"]
[Result "1/2-1/2"]
[WhiteTitle "IM"]
[BlackTitle "FM"]
[WhiteElo "2480"]
[BlackElo "2360"]
[WhiteFideId "2105446"]
[BlackFideId "35019562"]
[EventDate "2021.12.13"]

1. d4 Nf6 2. c4 e6 3. Nf3 d5 4. Nc3 c5 5. cxd5 cxd4 6. Qxd4 exd5 7. e4 Nc6 8.
Bb5 dxe4 9. Bxc6+ bxc6 10. Qxd8+ Kxd8 11. Ng5 Ke8 12. O-O Bb4 13. Bd2 h6 14.
Ngxe4 Nxe4 15. Nxe4 Bxd2 16. Nxd2 Be6 17. Rac1 Bd5 18. Nc4 Ke7 19. Rfe1+ Kf6 20.
f3 Rhb8 21. b3 a5 22. Ne5 Rb7 23. Nd3 g5 24. Kf2 Re7 25. Nc5 Raa7 26. Ne4+ Kg6
27. Nc3 Reb7 28. Red1 Rb4 29. Nxd5 cxd5 30. Rc6+ Kg7 31. Rxd5 a4 1/2-1/2

[Event "8th Sunway Sitges 2021"]
[Site "Sitges ESP"]
[Date "2021.12.17"]
[Round "5.24"]
[White "Aulia, Medina Warda"]
[Black "Bharath, Subramaniyam H"]
[Result "1/2-1/2"]
[WhiteTitle "IM"]
[BlackTitle "IM"]
[WhiteElo "2367"]
[BlackElo "2479"]
[WhiteFideId "7101570"]
[BlackFideId "46634827"]
[EventDate "2021.12.13"]

1. e4 c5 2. Nf3 d6 3. d4 cxd4 4. Nxd4 Nf6 5. Nc3 a6 6. Be2 e5 7. Nb3 Be7 8. O-O
O-O 9. Bf3 Be6 10. Re1 Qc7 11. a4 Rc8 12. h3 h6 13. Be3 Nbd7 14. Nd2 Rab8 15. a5
Bd8 16. Nf1 b5 17. axb6 Nxb6 18. Bc1 Qd7 19. Ne3 Nc4 20. Na4 Ba5 21. Re2 Nxe3
22. Rxe3 Qc6 23. Bd2 Bd8 24. Bc3 Bc4 25. b3 Bb5 26. Bb4 Be7 27. Nc3 Bc4 28. Ba3
Be6 29. Rd3 Nd7 30. Bg4 Rb7 31. Nd5 Bxd5 32. Rxd5 Rb6 33. Bxd7 Qxd7 34. Qd3 Qc7
35. c4 Qb8 36. Rb1 Bf8 37. Kh2 Qc7 38. g3 Rcb8 39. b4 Ra8 40. c5 dxc5 41. bxc5
Rxb1 42. Qxb1 Qa5 43. Qc1 Qa4 44. Qe3 Rb8 45. Rd3 Rc8 46. Rd5 Rb8 47. Rd3 Rc8 1/2-1/2

[Event "8th Sunway Sitges 2021"]
[Site "Sitges ESP"]
[Date "2021.12.17"]
[Round "5.25"]
[White "Stefanova, Antoaneta"]
[Black "Ervan, Mohamad"]
[Result "0-1"]
[WhiteTitle "GM"]
[BlackTitle "IM"]
[WhiteElo "2469"]
[BlackElo "2356"]
[WhiteFideId "2902257"]
[BlackFideId "7102135"]
[EventDate "2021.12.13"]

1. Nf3 d5 2. g3 c6 3. Bg2 Bf5 4. c4 e6 5. Qb3 Qb6 6. d3 Nd7 7. Nh4 Bg4 8. h3 Bh5
9. g4 Bg6 10. O-O Be7 11. Nxg6 hxg6 12. Be3 Bc5 13. Bxc5 Nxc5 14. Qa3 a5 15. d4
Nd7 16. cxd5 exd5 17. e4 dxe4 18. Nd2 f5 19. gxf5 gxf5 20. Nc4 Qb4 21. Nd6+ Kf8
22. Nxf5 Qxa3 23. bxa3 Ngf6 24. Rab1 Rh5 25. Ng3 Rd5 26. Rfd1 Re8 27. Rxb7 c5
28. Ne2 Ne5 29. Rb5 Nf3+ 30. Bxf3 exf3 31. Ng3 Rxd4 32. Rc1 Red8 33. Rc3 Rd1+
34. Kh2 c4 35. Rxa5 R8d2 36. Rxf3 c3 37. Ra8+ Kf7 38. Ra7+ Kg8 39. Nf5 c2 40.
Rxg7+ Kf8 41. Rg6 c1=Q 42. Rxf6+ Ke8 43. Ng3 Rd5 44. Re6+ 0-1